| 000 | 00451nam a22001577a 4500 | ||
|---|---|---|---|
| 999 |
_c17188 _d17188 |
||
| 008 | 180917b xxu||||| |||| 00| 0 eng d | ||
| 020 | _a0071221467 | ||
| 050 |
_aP90 _b.D66 2013 c.1 |
||
| 100 | _aDominick, Joseph R. | ||
| 245 |
_aThe Dynamics of Mass Communication _bMedia in Transition _cJoseph R. Dominick |
||
| 250 | _a11th ed. | ||
| 260 |
_aNew York _bMcGrawHill _c2013 |
||
| 300 | _axxiii, 482p. | ||
| 650 | _aMass Media | ||
| 942 |
_2lcc _cBK |
||